000 01449nam a2200265Ia 4500
001 23310
003 GE_BSU
008 181216s||||||||xx |||||||||||||| ||und||
040 _cGE_BSU
080 _a94(479.22)"13/14"(093უცხ.)
100 _aკაციტაძე, დავით
245 _aსაქართველო XIV-XV საუკუნეთა მიჯნაზე : სპარსული და სპარსულენოვანი წყაროების მიხედვით
245 _cრედ. ვ. გაბაშვილი.
260 _aთბილისი
260 _bთბილ. უნ-ტის გამ-ბა
260 _c1975
300 _a291გვ. ; 22სმ.
300 _eსაძიებლები გვ. 280-290. - ბიბლიოგრ.: გვ. 269-279
520 _aრეზ. რუს. ენ.. პარალ. სათ. რუს. ენ.
541 _h4 ლ.
653 _aისტორია
653 _aსაქართველო XIV-XV საუკუნეთა მიჯნაზე : სპარსული და სპარსულენოვანი წყაროების მიხედვით.
653 _aსაქართველოს ისტორია, XIV-XV ს.ს.; საქართველოს ისტორიის სპარსული წყაროები
942 _cBK
999 _c56209
_d56209